000 01484 a2200217 4500
003 Nust
005 20221011130910.0
010 _a 77021392
020 _a0070429251
040 _cNust
082 0 0 _a540,MOO
100 1 _aMoore, John W.
_999868
245 1 0 _aChemistry /
_cJohn W. Moore, William G. Davies, Ronald W. Collins.
260 _aNew York :
_bMcGraw-Hill,
_cc1978.
300 _axii, 804 p. :
_bill. ;
_c25 cm.
505 _aIntroduction (Page-1), ATOMS, Molecules, and Chemical Reactions (Page-30), Using Chemical Equations in Calculations (Page-61), The Structure of Atoms (Page-96), The Electronic Structure of Atoms (Page-124), Chemical Bonding-Electron Pairs (Page-160), Further Aspects of Covalent Bonding (Page-199), Properties of Organic Compounding and other Substances (Page-240), Gases (Page-282), Solids, Liquids, and Solutions (Page-317), Reaction in Aqueous Solutions (Page-360), Chemistry of the Representative Elements (Page-400), Chemical Equilibrium (Page-432), Ionic Equilibria Aqueous Solutions (Page-469), Thermodynamics: Atoms, Molecules, and Energy (Page-511), Entropy and Spontaneous Reactions (Page-543), Electrochemical Cells (Page-581), Chemical Kinetics (Page-610), Nuclear Chemistry (Page-641), Molecules in Living Systems (Page-670) Spectra and Structure of Atoms and Molecules (Page-709) Metals (Page-744)
650 0 _aChemistry.
700 1 _aCollins, Ronald W.,
_999869
700 1 _aDavies, William G.,
_999870
942 _2ddc
_cBK
999 _c194224
_d194224